000 00297nam a2200109Ia 4500
001 1272361
005 20260417151427.0
008 260417s9999 xx 000 0 und d
020 _a9786255998620
245 0 _aChildren of Salik – Treasure Hunt
_cJenny Molendyk Divleli
260 _bKetebe Çocuk
999 _c1272361
_d1272361